Teacher portfolios for practicing teachers / (Record no. 109172)
[ view plain ]
| 000 -LEADER | |
|---|---|
| fixed length control field | 00501nam a2200169 a 4500 |
| 005 - DATE AND TIME OF LATEST TRANSACTION | |
| control field | 20140414093839.0 |
| 008 - FIXED-LENGTH DATA ELEMENTS--GENERAL INFORMATION | |
| fixed length control field | 040331s19uu xx 00 eng d |
| 050 ## - LIBRARY OF CONGRESS CALL NUMBER | |
| Classification number | VHS 370 |
| Item number | OR 14 |
| 100 ## - MAIN ENTRY--PERSONAL NAME | |
| Personal name | ASCD |
| 245 ## - TITLE STATEMENT | |
| Title | Teacher portfolios for practicing teachers / |
| Statement of responsibility, etc | ASCD. |
| 260 ## - PUBLICATION, DISTRIBUTION, ETC. (IMPRINT) | |
| Place of publication, distribution, etc | Alexadria, Va : |
| Name of publisher, distributor, etc | Associatiion for Supervision and Curriculum Development, |
| Date of publication, distribution, etc | c1997. |
| 300 ## - PHYSICAL DESCRIPTION | |
| Extent | 30 mins. |
| 440 ## - SERIES STATEMENT/ADDED ENTRY--TITLE | |
| Title | Teacher portfolios |
| 650 ## - SUBJECT ADDED ENTRY--TOPICAL TERM | |
| Topical term or geographic name as entry element | Portfolios in education. |
| 942 ## - ADDED ENTRY ELEMENTS (KOHA) | |
| Koha item type | Audio Visual Materials |
| Withdrawn status | Lost status | Source of classification or shelving scheme | Damaged status | Home library | Current library | Shelving location | Date acquired | Source of acquisition | Total Checkouts | Full call number | Barcode | Date last seen | Price effective from | Koha item type |
|---|---|---|---|---|---|---|---|---|---|---|---|---|---|---|
| Library of Congress Classification | Luxembourg Library | Luxembourg Library | Genevive Ledesma - Tan Section | 03/31/2004 | Donation | VHS 370 OR 14 | AV0798 | 04/14/2014 | 04/14/2014 | Audio Visual Materials |